Schodok obchodnej bilancie a výmenný kurz je potrebné zohľadňovať signály reálnej ekonomiky, ktoré majú význam z dlhodobého hľadiska
Analýza prechodu na plávajúci kurz koruny v októbri 1998. Faktory naznačujúce potrebu devalvácie meny. Vývoj týchto faktorov v ekonomike SR od roku 1993: vývoj obchodnej bilancie, výmenného kurzu, stavu devízových rezerv a schodku zahraničného obchodu. Inflačný diferenciál - miera rozdielu medzi naš...
Gespeichert in:
| 1. Verfasser: | |
|---|---|
| Weitere Verfasser: | |
| Format: | Buchkapitel |
| Sprache: | Slowakisch |
| Schlagworte: | |
| Tags: |
Keine Tags, Fügen Sie das erste Tag hinzu!
|
MARC
| LEADER | 00000naa a2200000 4500 | ||
|---|---|---|---|
| 001 | r035675 | ||
| 005 | 20230824101829.6 | ||
| 041 | 0 | |a slo | |
| 044 | |a SK | ||
| 245 | 1 | 0 | |a Schodok obchodnej bilancie a výmenný kurz |b je potrebné zohľadňovať signály reálnej ekonomiky, ktoré majú význam z dlhodobého hľadiska |c Viliam Páleník, Tatiana Krasuľová |
| 520 | |a Analýza prechodu na plávajúci kurz koruny v októbri 1998. Faktory naznačujúce potrebu devalvácie meny. Vývoj týchto faktorov v ekonomike SR od roku 1993: vývoj obchodnej bilancie, výmenného kurzu, stavu devízových rezerv a schodku zahraničného obchodu. Inflačný diferenciál - miera rozdielu medzi našou a zahraničnou infláciou. | ||
| 610 | 2 | 0 | |a obchod zahraničný |
| 610 | 2 | 0 | |a bilancia obchodná |
| 610 | 2 | 0 | |a ceny vývozné |
| 610 | 2 | 0 | |a kurz výmenný |
| 610 | 2 | 0 | |a rezervy devízové |
| 610 | 2 | 0 | |a inflácia |
| 610 | 2 | 0 | |a devalvácia |
| 610 | 2 | 0 | |a Slovensko |
| 100 | 1 | |a Páleník, Viliam | |
| 700 | 1 | |a Krasuľová, Tatiana | |